00461nam a2200133Ia 4500003000900000008004100009040001600050080001700066100002400083245009100107260002700198300001800225650008400243IN-BaIIA211028s9999 xx 000 0 eng d cIIA Library a521.1bPON-4 aPontecoulant, G. de 0aTheorie analytique du systeme du mondebtome quatrieme (in French)cG. de Pontecoulant aParisbBachelierc1846 axxviij, 664p. aAstronomy and Astrophysics Thesaurus; Celestial Mechanics; Astrometry; Archives